Catálogo público

Poverty and income distribution aspects of changing food and agricultural policies during adjustment (Record no. 79352)

MARC details
000 -CABECERA
campo de control de longitud fija 01236cam a2200313 a 4500
003 - IDENTIFICADOR DEL NÚMERO DE CONTROL
campo de control CHAP
005 - FECHA Y HORA DE LA ÚLTIMA TRANSACCIÓN
campo de control 20220329142146.0
008 - DATOS DE LONGITUD FIJA--INFORMACIÓN GENERAL
campo de control de longitud fija 000120 1992 us r 00010 eng d
010 ## - NÚMERO DE CONTROL DE LA BIBLIOTECA DEL CONGRESO
Número de control de LC 79352
011 ## - ENLACE DEL NUMERO DE CONTROL DE LA BIBLIOTECA DEL CONGRESO [OBSOLETO]
Número de control de LC 80324
035 ## - NÚMERO DE CONTROL DEL SISTEMA
Número de control de sistema 90773
040 ## - FUENTE DE LA CATALOGACIÓN
Centro/agencia transcriptor CHAP
090 ## - LOCALMENTE ASIGNADO TIPO-LC NÚMERO DE CLASIFICACIÓN (OCLC); NÚMERO DE CLASIFICACIÓN LOCAL (RLIN)
Número de clasificación (OCLC) (R) ; Numero de clasificación, CALL (RLIN) (NR) R-3655
100 00 - ENTRADA PRINCIPAL--NOMBRE DE PERSONA
Nombre de persona Pinstrup-Andersen, Per.
9 (RLIN) 88281
245 #0 - MENCIÓN DE TÍTULO
Título Poverty and income distribution aspects of changing food and agricultural policies during adjustment
Mención de responsabilidad, etc. /by Per pinstrup-Andersen and Rajul Pandya.-Lorch
500 ## - NOTA GENERAL
Nota general Sobretiro de: Food and Agricultural Policies under Structural Adjustment ( Proceedings of the 29th. Seminar of the european Association of Agricultural Economists, Hohenheim 1992). ed. by Franz Heidhues and Béatrice Knerr.
590 ## - NOTA LOCAL (RLIN)
Nota local BATCH-UPD
Procedencia (VM) [OBSOLETO] 10
Condición del los carretes individuales (VM) [OBSOLETO] 20130109
-- UCH01
-- 2356
590 ## - NOTA LOCAL (RLIN)
Nota local BATCH-UPD
Procedencia (VM) [OBSOLETO] 10
Condición del los carretes individuales (VM) [OBSOLETO] 20130110
-- UCH01
-- 0635
590 ## - NOTA LOCAL (RLIN)
Nota local BATCH-UPD
Procedencia (VM) [OBSOLETO] 10
Condición del los carretes individuales (VM) [OBSOLETO] 20130410
-- UCH01
-- 0319
590 ## - NOTA LOCAL (RLIN)
Nota local BATCH-UPD
Procedencia (VM) [OBSOLETO] 10
Condición del los carretes individuales (VM) [OBSOLETO] 20130914
-- UCH01
-- 1857
590 ## - NOTA LOCAL (RLIN)
Nota local CONVERSION
Procedencia (VM) [OBSOLETO] 10
Condición del los carretes individuales (VM) [OBSOLETO] 20130109
-- UCH01
-- 1344
650 14 - PUNTO DE ACCESO ADICIONAL DE MATERIA--TÉRMINO DE MATERIA
Término de materia o nombre geográfico como elemento de entrada Pobreza.
9 (RLIN) 89463
650 14 - PUNTO DE ACCESO ADICIONAL DE MATERIA--TÉRMINO DE MATERIA
Término de materia o nombre geográfico como elemento de entrada Política agrícola.
9 (RLIN) 90283
700 0# - PUNTO DE ACCESO ADICIONAL--NOMBRE DE PERSONA
Nombre de persona Pandya-Lorch, Rajul.
9 (RLIN) 85074
901 ## - ELEMENTOS DE DATOS A LOCAL LDA (RLIN)
a BK
905 ## - ELEMENTOS DE DATOS E LOCAL, LDE (RLIN)
a Blanca M. García O.
942 ## - ELEMENTOS DE PUNTO DE ACCESO ADICIONAL (KOHA)
Tipo de ítem Koha Reimpreso
949 ## - PROCESAMIENTO DE INFORMACIÓN LOCAL (OCLC)
a R-3655
b BC
c R
d 907731
e TS1
i 90773
s b
Holdings
Estado de retiro Estado de pérdida Estado dañado Restricciones de uso No para préstamo Código de colección Localización permanente Ubicación/localización actual Ubicación en estantería Fecha de adquisición Información codificada de la localización en otra ubicación Total de préstamos Signatura topográfica completa Código de barras Fecha visto por última vez Precio válido a partir de Tipo de ítem Koha Nota pública
      Préstamo interno2 Excluido de préstamo Reimpresos Biblioteca Central Biblioteca Central Planta alta - Área de Tesis - Reimpresos 17/12/2012 REIMP   R-3655 907731 31/12/2019 31/12/2019 Reimpreso Recien adquirido